MCU Heroes - Statistics

General Stats
  • This quiz has been taken 39 times
  • The average score is 62 of 200
Answer Stats
Number 1-200 Alter-Ego Hero % Correct
1 Anthony "Tony" Stark Iron Man
100%
147 Peni Parker SP//dr
100%
7 Natasha Romanoff Black Widow
93%
18 Steve Rogers Captain America
93%
5 Bruce Banner Hulk
93%
48 Peter Parker Spider-Man
93%
143 Miles Morales Spider-Man
93%
47 T-Challa Black Panther
90%
17 Clint Barton Hawkeye
90%
8 N/A Thor
86%
6 James Rhodes War Machine
83%
24 Sam Wilson Falcon
79%
37 Scott Lang Ant-Man
76%
64 Carol Danvers Captain Marvel
76%
50 Steven Strange Doctor Strange
76%
39 N/A Hank Pym
76%
19 James Buchanan Barnes Winter Soldier
76%
34 Wanda Maximoff Scarlet Witch
72%
127 Logan Wolverine
72%
126 Wade Wilson Deadpool
69%
35 Pietro Maximoff Quicksilver
69%
161 Peter Maximoff Quicksilver
69%
25 Peter Quill Star-Lord
69%
36 J.A.R.V.I.S. Vision
69%
38 Hope Van Dyne Wasp
66%
41 Matthew Murdock Daredevil
62%
128 Johnny Storm Human Torch
62%
139 Johnny Storm Human Torch
62%
116 Kamala Khan Ms. Marvel
62%
141 Ben Grimm The Thing
62%
26 N/A Gamora
59%
114 Charles Xavier Professor X
59%
63 Ava Starr Ghost
55%
9 N/A Loki
55%
103 Otto Octavius Doctor Octopus
52%
28 N/A Groot
52%
148 Erik Lehnsherr Magneto
52%
4 N/A Nick Fury
52%
10 N/A Odin
52%
27 N/A Rocket Raccoon
52%
122 Hank McCoy Beast
48%
110 Blackagar Boltagon Black Bolt
48%
129 Erick Brooks Blade
48%
151 Scott Summers Cyclops
48%
29 N/A Drax
48%
142 Sue Storm Invisible Woman
48%
46 Frank Castle Punisher
48%
118 Jennifer Walters She-Hulk
48%
149 Ororo Munroe Storm
48%
77 Peggy Carter Captain Carter
45%
132 Remy LeBeau Gambit
45%
120 Riri Williams Ironheart
45%
111 Reed Richards Mister Fantastic
45%
140 Reed Richards Mister Fantastic
45%
106 Marc Spector Moon Knight
45%
20 N/A Peggy Carter
45%
73 Alexei Shostakov Red Guardian
45%
144 Gwen Stacy Spider-Gwen
45%
43 N/A Jessica Jones
41%
53 N/A Mantis
41%
30 N/A Nebula
41%
76 Antonia Dreykov Taskmaster
41%
101 Maya Lopez Echo
38%
45 Daniel Rand Iron Fist
38%
117 Jane Foster Mighty Thor
38%
154 Kurt Wagner Nightcrawler
38%
3 N/A Phil Coulson
38%
59 N/A Shuri
38%
56 Brunnhilde Valkyrie
38%
51 N/A Wong
38%
52 N/A Ancient One
34%
42 N/A Elektra
34%
165 Jubilation Lee Jubilee
34%
44 N/A Luke Cage
34%
60 N/A Okoye
34%
2 N/A Pepper Potts
34%
69 John Walker U.S. Agent
34%
160 Lucas Bishop Bishop
31%
153 Bobby Drake Iceman
31%
66 Monica Rambeau Photon
31%
145 Peter Porker Spider-Ham
31%
156 Warren Worthington lll Angel
28%
97 Dane Whitman Black Knight
28%
133 Piotr Rasputin Colossus
28%
11 N/A Frigga
28%
16 N/A Heimdall
28%
90 N/A Ikaris
28%
57 N/A Korg
28%
15 N/A Lady SIf
28%
23 N/A Maria Hill
28%
62 N/A M'Baku
28%
185 Daisy Johnson Quake
28%
152 Marie Rogue
28%
95 N/A Sprite
28%
96 N/A Thena
28%
14 N/A Volstagg
28%
130 Laura Kinney X-23
28%
70 Lemar Hoskins Battlestar
24%
186 Robbie Reyes Ghost Rider
24%
89 N/A Gilgamesh
24%
189 Gorgon Petragon Gorgon
24%
12 N/A Hogun
24%
40 N/A Janet Van Dyne
24%
187 Medusalith Amaquelin-Boltagon Medusa
24%
58 N/A Miek
24%
61 N/A Nakia
24%
74 N/A Yelena Belova
24%
87 N/A Ajak
21%
158 Cassidy Banshee
21%
167 Nathan Charles Summers Cable
21%
88 N/A Druig
21%
159 Alex Summers Havok
21%
150 N/A Jean Grey
21%
188 Karnak Mander-Azur Karnak
21%
91 N/A Kingo
21%
32 N/A Kraglin
21%
174 Illyana Rasputin Magik
21%
93 N/A Phastos
21%
181 Lorna Dane Polaris
21%
108 Layla El-Faouly Scarlet Scarab
21%
94 N/A Sersi
21%
162 Roberto Da Costa Sunspot
21%
102 Jacques Duquesne Swordsman
21%
123 Jack Russell Werewolf By Night
21%
138 Hector Ayala White Tiger
21%
67 Billy Kaplan Wiccan
21%
109 N/A America Chavez
17%
199 Tyrone Johnson Cloak
17%
190 Crystalia Amaquelin Crystal
17%
200 Tandy Bowen Dagger
17%
22 N/A Dum Dum Dugan
17%
100 N/A Kate Bishop
17%
107 Steven Grant Mister Knight
17%
54 N/A Ned Leeds
17%
137 Robert Reynolds Sentry
17%
68 Tommy Shepherd Speed
17%
98 Eros Starfox
17%
49 N/A T-Chaka
17%
121 Maria Rambeau Binary
14%
163 Clarice Ferguson Blink
14%
179 Clarice Fong Blink
14%
175 Samuel Guthrie Cannonball
14%
183 N/A Cosmo
14%
124 N/A Elsa Bloodstone
14%
155 N/A Kitty Pryde
14%
92 N/A Makkari
14%
125 N/A Man-Thing
14%
55 N/A Michelle Jones
14%
166 Elizabeth Braddock Psylocke
14%
84 N/A Shang-Chi
14%
146 Peter Parker Spider-Noir
14%
31 N/A Yondu Udonta
14%
182 N/A Adam Warlock
10%
191 N/A Lockjaw
10%
65 N/A Mar-Vell
10%
134 Ellie Negasonic Teenage Warhead
10%
176 Rahne Sinclair Wolfsbane
10%
135 N/A Yukio
10%
168 Neena Thurman Domino
7%
177 David Haller Legion
7%
75 N/A Melina Vostokoff
7%
169 Benjamin Russell Shatterstar
7%
119 N/A Skaar
7%
79 Steven Strange Supreme Strange
7%
180 John Proudstar Thunderbird
7%
164 James Proudstar Warpath
7%
105 Peter Parker Andrew Garfield Spider-Man
3%
170 Jesse Aaronson Bedlam
3%
195 N/A Chase Stein
3%
115 N/A Clea
3%
178 Marcos Diaz Eclipse
3%
157 N/A Emma Frost
3%
13 N/A Frandral
3%
196 N/A Gertrude Yorkes
3%
21 N/A Howard Stark
3%
82 N/A Kahhori
3%
173 Danielle Moonstar Mirage
3%
194 N/A Molly Hayes
3%
192 N/A Nico Minoru
3%
80 Thor Odinson Party Thor
3%
184 N/A Phyla-Vell
3%
99 N/A Pip the Troll
3%
78 T-Challa Star-Lord T'Challa
3%
136 Joaquin Torres The New Falcon
3%
104 Peter Parker Tobey Maguire Spider-Man
3%
172 Telford Porter Vanisher
3%
86 N/A Xu-Xialing
3%
171 Axel Cluney Zeitgeist
3%
83 Peter Parker Zombie Hunter Spider-Man
3%
33 N/A Baby Groot
0%
131 N/A Elektra 2003
0%
112 Peggy Carter Illuminati Captain Carter
0%
81 Gamora Infinity Gamora
0%
193 N/A Karolina Dean
0%
85 N/A Katie
0%
113 Maria Rambeau Maria Rambeau Captain Marvel
0%
71 N/A Morbius M. Morbius
0%
197 N/A Old Lace
0%
72 N/A Sylvie Laufeydottir
0%
198 N/A Victor Mancha
0%
No matching quizzes found
Score Distribution
Percent of People with Each Score
Percentile by Number Answered
Your Score History
You have not taken this quiz